Гидроприводы объемные, пневмоприводы и смазочные системы. Ряды основных параметров; ГОСТ 12445-80 Гидроприводы объемные, пневмоприводы и смазочные системы. Номинальные давления; ГОСТ 12446-80 Гидроприводы объемные, пневмоприводы и смазочные системы. Номинальные частоты вращения; ГОСТ 12447-80 Гидроприводы объемные, пневмоприводы и смазочные системы. Номинальные диаметры; ГОСТ 12448-80 Гидроприводы объемные, пневмоприводы и смазочные системы. Номинальные вместимости; ГОСТ 12449-80 Пневмоприводы. Номинальные расходы воздуха; ГОСТ 12853-80 Гидроприводы объемные, пневмоприводы и смазочные системы. Присоединительные резьбы; ГОСТ 13824-80 Гидроприводы объемные и смазочные системы. Номинальные рабочие объемы; ГОСТ 13825-80 Гидроприводы объемные и смазочные системы. Номинальные расходы жидкости; ГОСТ 16516-80 Гидроприводы объемные, пневмоприводы и смазочные системы. Условные проходы; ГОСТ 24243-80 Гидроприводы объемные и смазочные системы. Фильтроэлементы. Габаритные и присоединительные размеры

Xehetasun bibliografikoak
Erakunde egilea: СССР Государственный комитет по стандартам (Госстандарт)
Hizkuntza:errusiera
Argitaratua: Москва, Изд-во стандартов, 1982
TOC:ГОСТ 12445-80 Гидроприводы объемные, пневмоприводы и смазочные системы. Номинальные давления;
ГОСТ 12446-80 Гидроприводы объемные, пневмоприводы и смазочные системы. Номинальные частоты вращения;
ГОСТ 12447-80 Гидроприводы объемные, пневмоприводы и смазочные системы. Номинальные диаметры;
ГОСТ 12448-80 Гидроприводы объемные, пневмоприводы и смазочные системы. Номинальные вместимости;
ГОСТ 12449-80 Пневмоприводы. Номинальные расходы воздуха;
ГОСТ 12853-80 Гидроприводы объемные, пневмоприводы и смазочные системы. Присоединительные резьбы;
ГОСТ 13824-80 Гидроприводы объемные и смазочные системы. Номинальные рабочие объемы;
ГОСТ 13825-80 Гидроприводы объемные и смазочные системы. Номинальные расходы жидкости;
ГОСТ 16516-80 Гидроприводы объемные, пневмоприводы и смазочные системы. Условные проходы;
ГОСТ 24243-80 Гидроприводы объемные и смазочные системы. Фильтроэлементы. Габаритные и присоединительные размеры;
Saila:Государственные стандарты
Gaiak:
Formatua: MixedMaterials Liburua
KOHA link:https://koha.lib.tpu.ru/cgi-bin/koha/opac-detail.pl?biblionumber=151640

MARC

LEADER 00000nam0a2200000 4500
001 151640
005 20231031150801.0
035 |a (RuTPU)RU\TPU\book\164408 
035 |a RU\TPU\book\164401 
090 |a 151640 
100 |a 20090126d1982 km y0rusy50 ca 
101 0 |a rus 
102 |a RU 
105 |a a l 000zy 
200 1 |a Гидроприводы объемные, пневмоприводы и смазочные системы. Ряды основных параметров 
210 |a Москва  |c Изд-во стандартов  |d 1982 
215 |a 23 с.  |c ил. 
225 1 |a Государственные стандарты 
464 |t ГОСТ 12445-80 Гидроприводы объемные, пневмоприводы и смазочные системы. Номинальные давления 
464 |t ГОСТ 12446-80 Гидроприводы объемные, пневмоприводы и смазочные системы. Номинальные частоты вращения 
464 |t ГОСТ 12447-80 Гидроприводы объемные, пневмоприводы и смазочные системы. Номинальные диаметры 
464 |t ГОСТ 12448-80 Гидроприводы объемные, пневмоприводы и смазочные системы. Номинальные вместимости 
464 |t ГОСТ 12449-80 Пневмоприводы. Номинальные расходы воздуха 
464 |t ГОСТ 12853-80 Гидроприводы объемные, пневмоприводы и смазочные системы. Присоединительные резьбы 
464 |t ГОСТ 13824-80 Гидроприводы объемные и смазочные системы. Номинальные рабочие объемы 
464 |t ГОСТ 13825-80 Гидроприводы объемные и смазочные системы. Номинальные расходы жидкости 
464 |t ГОСТ 16516-80 Гидроприводы объемные, пневмоприводы и смазочные системы. Условные проходы 
464 |t ГОСТ 24243-80 Гидроприводы объемные и смазочные системы. Фильтроэлементы. Габаритные и присоединительные размеры 
610 1 |a ГОСТы 
610 1 |a гидроприводы 
610 1 |a пневмоприводы 
610 1 |a размеры 
610 1 |a основные параметры 
712 0 1 |a СССР  |b Государственный комитет по стандартам (Госстандарт)  |c (1978-1989)  |2 stltpush  |3 (RuTPU)RU\TPU\col\12454 
801 1 |a RU  |b 63413507  |c 20021204  |g PSBO 
801 2 |a RU  |b 63413507  |c 20221208  |g PSBO 
942 |c BK